Low cycle fatigue and elasto-plastic behaviour of materials /

Bibliographic Details
Corporate Authors: International Conference on Low Cycle Fatigue and Elasto-Plastic Behaviour of Materials Munich, Germany, Deutscher Verband für Materialprüfung, American Society for Metals
Other Authors: Rie, K.-T. (Kyong-Tschong), 1936-
Format: Conference Proceeding Book
Language:English
Published: London ; New York : Elsevier Applied Science ; [1987]
Subjects:

MARC

Tag First Indicator Second Indicator Subfields
LEADER 00000cam a2200000 a 4500
001 in00000019469
005 20151007053627.0
008 870611s1987 enka b 10110 eng
010 |a  87015586  
020 |a 1851661433 
035 |a (OCoLC)16093048 
035 |9 AAB2280AM 
040 |a DLC  |c DLC  |d TXA  |d UtOrBLW 
049 |a TXAM  |c [A11467050] 
050 0 0 |a TA460  |b .I5319 1987 
082 0 |a 620.1/63  |2 19 
111 2 |a International Conference on Low Cycle Fatigue and Elasto-Plastic Behaviour of Materials  |n (2nd :  |d 1987 :  |c Munich, Germany) 
245 1 0 |a Low cycle fatigue and elasto-plastic behaviour of materials /  |c edited by K.-T. Rie. 
264 1 |a London ;  |a New York :  |b Elsevier Applied Science ;  |c [1987] 
264 2 |a New York :  |b Sole distributor in the USA and Canada, Elsevier Science Pub. Co., 
264 4 |c ©1987 
300 |a xix, 763 pages :  |b illustrations ;  |c 25 cm. 
336 |a text  |b txt  |2 rdacontent 
337 |a unmediated  |b n  |2 rdamedia 
338 |a volume  |b nc  |2 rdacarrier 
500 |a Papers from the Second International Conference on Low Cycle Fatigue and Elasto-Plastic Behaviour of Materials, held at Arabella Conference Centre, Munich, Germany, 7-11 Sept. 1987, organized by Deutscher Verband für Materialprüfung, sponsored by the American Society for Metals and others. 
504 |a Includes bibliographies and indexes. 
650 0 |a Metals  |x Fatigue  |v Congresses. 
650 0 |a Metals  |x Fracture  |v Congresses. 
700 1 |a Rie, K.-T.  |q (Kyong-Tschong),  |d 1936- 
710 2 |a Deutscher Verband für Materialprüfung. 
710 2 |a American Society for Metals. 
999 |a MARS 
999 f f |s 500dea63-ca3b-3628-9e5c-b829b7cb89c9  |i 94686fc9-043a-30b5-847d-beaf46db3199  |t 0 
952 f f |p ric  |a Texas A&M University  |b Rellis Campus  |c Joint Library Facility  |d Remote Storage  |t 0  |e TA460 .I5319 1987  |h Library of Congress classification  |i unmediated -- volume  |m A14811467050 
998 f f |a TA460 .I5319 1987  |t 0  |l Remote Storage